| Tag |
First Indicator |
Second Indicator |
Subfields |
| LEADER |
00000pam a2200000 a 4500 |
| 001 |
in00000074822 |
| 005 |
20160107155034.0 |
| 008 |
791011s1980 nyua 00110 engm |
| 010 |
|
|
|a 79023613
|
| 019 |
|
|
|a 7469356
|
| 020 |
|
|
|a 0671248340
|
| 035 |
|
|
|a (OCoLC)05612387
|
| 035 |
|
|
|9 AAJ1696AM
|
| 040 |
|
|
|a DLC
|c DLC
|d m.c.
|d TXA
|d UtOrBLW
|
| 049 |
|
|
|a TXAM
|c [1481745]
|
| 050 |
0 |
0 |
|a SB355
|b .B17
|
| 082 |
0 |
|
|a 634
|2 19
|
| 100 |
1 |
|
|a Baker, Harry,
|d 1926-
|
| 245 |
1 |
0 |
|a Fruit /
|c by Harry Baker ; editor-in-chief, Christopher Brickell ; technical editor, Kenneth A. Beckett.
|
| 264 |
|
1 |
|a New York, N.Y. :
|b Simon and Schuster,
|c [1980]
|
| 264 |
|
4 |
|c ©1980
|
| 300 |
|
|
|a 96 pages :
|b illustrations (some color) ;
|c 23 x 30 cm.
|
| 336 |
|
|
|a text
|b txt
|2 rdacontent
|
| 337 |
|
|
|a unmediated
|b n
|2 rdamedia
|
| 338 |
|
|
|a volume
|b nc
|2 rdacarrier
|
| 490 |
1 |
|
|a Simon and Schuster step-by-step encyclopedia of practical gardening
|
| 500 |
|
|
|a Includes index.
|
| 650 |
|
0 |
|a Fruit-culture.
|
| 700 |
1 |
|
|a Brickell, Christopher.
|
| 830 |
|
0 |
|a Simon and Schuster step-by-step encyclopedia of practical gardening.
|
| 999 |
|
|
|a MARS
|
| 999 |
f |
f |
|s b866acad-c9bc-3fba-93b9-704f07ae215f
|i de0cff49-6a11-33ed-b911-6d407700e6b6
|t 0
|
| 952 |
f |
f |
|p normal
|a Texas A&M University
|b College Station
|c Sterling C. Evans Library
|d Evans: Library Stacks
|t 0
|e SB355 .B17
|h Library of Congress classification
|i unmediated -- volume
|m A14806235804
|
| 952 |
f |
f |
|p ric
|a Texas A&M University
|b Rellis Campus
|c Joint Library Facility
|d Remote Storage
|t 0
|e SB355 .B17
|h Library of Congress classification
|i unmediated -- volume
|m A14810784938
|
| 998 |
f |
f |
|a SB355 .B17
|t 0
|l Evans: Library Stacks
|
| 998 |
f |
f |
|a SB355 .B17
|t 0
|l Remote Storage
|